000 00399nam a2200193Ia 4500
001 14301
003 GE_BSU
008 181216s||||||||xx |||||||||||||| ||und||
040 _cGE_BSU
080 _a821.111-3
100 _aVine,Barbara
245 4 _aThe Blood Doctor
260 _aLondon
260 _bBCA
260 _c2002
300 _a389p.21cm.
653 _aThe Blood Doctor
942 _cBK
999 _c47439
_d47439